Izvoz spreman — 

An Investigation into Transference of Generic and Specific Information as Manifested in Translated Works from English into VN /

Shranjeno v:
Bibliografske podrobnosti
Glavni avtor: Nguyễn Thị Hiếu
Drugi avtorji: Tran Dinh Nguyen Ph.D huong dan
Format: Luận văn
Jezik:English
Izdano: 2012.
Teme:
Oznake: Označite
Brez oznak, prvi označite!
Thư viện lưu trữ: Mạng thư viện Đại học Đà Nẵng
LEADER 01398na a2200361 4500
001 000030759
003 4471
005 20221202153438.0
008 151001s2012 000 eng
040 |a LNN 
041 |a ENG 
082 |a 420.4  |b NG-H 
100 |a Nguyễn Thị Hiếu 
245 3 |a An Investigation into Transference of Generic and Specific Information as Manifested in Translated Works from English into VN /  |c Nguyễn Thị Hiếu. 
260 |c 2012. 
300 |a 94tr. : mh ; 30cm. 
502 |a Master thesis in the English language 
650 |a An Investigation into Transference of Generic and Specific Information as Manifested in Translated Works from English into VN, Nguyễn Thị Hiếu, 2012 
700 |a Tran Dinh Nguyen  |b Ph.D  |c huong dan 
852 |c Luận văn Thạc sĩ 
OWN |a LNN 
AVA |a UDN50  |b LNN  |c English  |d 420.4 NG-H  |e available  |t Error 5001 Not defined in file expand_doc_bib_avail.  |f 1  |g 0  |h N  |i 0  |j AN  |k 1 
999 |a From the UDN01 
AVA |a UDN50  |b LNN  |c English  |d 420.4 NG-H  |e available  |t Error 5001 Not defined in file expand_doc_bib_avail.  |f 1  |g 0  |h N  |i 0  |j AN  |k 1 
TYP |a Dissertation 
TYP |a Printed language 
980 |a Mạng thư viện Đại học Đà Nẵng